00611nam a2200181Ia 4500952012200000999001700122003000400139005001700143008004100160040000900201082001700210100002300227245003800250260004500288300000900333650004700342942004000389 00102ddc40708ISLAMaMESbMEScISLd2019-02-20l0o297.5 GHA/Mp13787r2019-02-20 00:00:00w2019-02-20yBKzGL46R2 c22163d22163OSt20200515090733.0190216s9999||||xx |||||||||||||| ||und|| coclc a297.5bGHA/M aAl - Ghazali92196 0aMuslims Character /cAl - Ghazali bMuslim Welfare Society,c1983.aKashmir: a425p 0aHistory & geographyvIslamic History92271 cBK2ddch297.5iGHA/Mk297.5mGHA/M